One Piece Utilisateurs de Logia - Statistiques

Statistiques générales
  • Ce quiz a été pris 117 fois
    112 depuis la dernière actualisation
  • Le résultat moyen est 8 sur 13
Statistiques - réponses
Hint Extra Hint Réponse % Correct
Magu Magu no mi Akainu
86%
Mera Mera no mi Sabo / Ace
83%
Yami Yami no mi Gura Gura no mi Barbe Noire
76%
Gasu Gasu no mi Cesar
76%
Suna Suna no mi Crocodile
75%
Pika Pika no mi Kizaru
69%
Goro Goro no mi Ener
54%
Numa Numa no mi Caribou
45%
Yuki Yuki no mi Monet
44%
Hie Hie no mi Aokiji
43%
Susu Susu no mi Karasu
41%
Moku Moku no mi Smoker
41%
Mori Mori no mi Ryokugyu
35%
Aucun quiz correspondant
Distribution des résultats
% des personnes avec chaque résultat
Percentile par nombre de réponses
Votre historique - résultats
Vous n’avez pas pris ce quiz depuis la dernière actualisation